Asian Landlocked countries - Statistics

General Stats
  • This quiz has been taken 26 times
  • The average score is 11 of 13
Answers on the Map
Answers color-coded by a green-red scale on the quiz's map according to % correct below.
 
Answer Stats
Answer % Correct
Afghanistan
100%
Bhutan
100%
Nepal
100%
Kyrgyzstan
95%
Laos
95%
Mongolia
95%
Azerbaijan
90%
Kazakhstan
90%
Armenia
85%
Turkmenistan
80%
Uzbekistan
80%
Georgia
70%
Tajikistan
55%
No matching quizzes found
Score Distribution
Percent of People with Each Score
Percentile by Number Answered
Your Score History
You have not taken this quiz